Invertebrati Marini - Per Immagine - Statistics

Statistiche generali
  • Questo quiz è stato fatto 17 volte
  • Il punteggio medio è 16 su 24
Statistiche sulle risposte
con Immagini Risposta % Corretto
Granchio
100%
Medusa
100%
Paguro
100%
Polpo
100%
Aragosta
93%
Astice
93%
Cozza
93%
Gambero
93%
Riccio di Mare
93%
Stella Marina
93%
Calamaro
87%
Ostrica
87%
Anemone di Mare
80%
Corallo
60%
Cetriolo di Mare
53%
Seppia
53%
Nautilus
47%
Pomodoro di Mare
40%
Lumaca di Mare
33%
Capasanta
27%
Patella
27%
Balano
20%
Nudibranco
13%
Dollaro della Sabbia
0%
Nessun quiz corrispondente trovato
Distribuzione punteggi
Percentuale di utenti per punteggio
Percentile per numero di risposta
I tuoi punteggi nel tempo
Non hai fatto questo quiz